Normal view
MARC view
- Iqbal, Afzal.
Entry Personal Name
001 - CONTROL NUMBER
- control field: 6039
003 - CONTROL NUMBER IDENTIFIER
- control field: NUST
005 - DATE AND TIME OF LATEST TRANSACTION
- control field: 20171107101544.0
008 - FIXED-LENGTH DATA ELEMENTS
- fixed length control field: 171107|| aca||aabn | a|a d
040 ## - CATALOGING SOURCE
- Original cataloging agency: NUST
- Transcribing agency: NUST
100 ## - HEADING--PERSONAL NAME
- Personal name: Iqbal, Afzal.
670 ## - SOURCE DATA FOUND
- Source citation: Work cat.: (NUST)0: Hamidullah, Muhammad. 6037, The emergence of Islam :, 1993.
